000 00640cab a2200229 4500
001 X2143
008 090401t1995 xxu||||| |||| 00| 0 eng d
035 _a(Sirsi) u22037
041 _aeng
245 _aStandards and practice department publishes advice
260 _c1995
350 _a0
490 _aCSM (Chartered Surveyor Monthly)
_v4(5) March 1995, 62(1)
650 _aCLIENTS MONEY
650 _aRICS MEMBERS' ACCOUNTS RULES
650 _aMONITORING
650 _aRICS BYE-LAWS
650 _aRICS RULES OF CONDUCT
690 _aMANAGEMENT-BUSINESS MANAGEMENT-PROFESSIONAL PRACTICE
942 _n0
948 _c04/03/1997
999 _c14758
_d14758